Music Quiz

Random Music or Song Quiz
Score 0/9 Timer 01:00
0 Plays Today
% Correct
Straight Outta Compton
N.W.A
92.9%
Viva Las Vegas
Elvis Presley
91.8%
Georgia on My Mind
Ray Charles
83.8%
California Girls
Beach Boys
81.8%
Streets of Philadelphia
Bruce Springsteen
80.3%
Sweet Home Alabama
Lynyrd Skynyrd
77%
Ventura Highway
America
73.4%
New York State of Mind
Billy Joel
71.4%
Welcome to New York
Taylor Swift
71%
Remove Ads.
Support Sporcle.
Get the best of Sporcle when you Go Orange. This ad-free experience offers more features, more stats, and more fun while also helping to support Sporcle. Thank you for becoming a member.

You're not logged in!

Compare scores with friends on all Sporcle quizzes.
OR
Log In

Show Comments

Extras

Top Quizzes Today


Score Distribution

Your Account Isn't Verified!

In order to create a playlist on Sporcle, you need to verify the email address you used during registration. Go to your Sporcle Settings to finish the process.

Report this User

Report this user for behavior that violates our Community Guidelines.

Details: